|
|
|
|
| LEADER |
02180cas a2200313 a 4500 |
| 001 |
AALejournalIMF020087 |
| 008 |
230101c9999 xx r poo 0 0eng d |
| 020 |
|
|
|c 5.00 USD
|
| 020 |
|
|
|z 9781498335935
|
| 022 |
|
|
|a 2663-3493
|
| 040 |
|
|
|a BD-DhAAL
|c BD-DhAAL
|
| 110 |
2 |
|
|a International Monetary Fund.
|
| 245 |
1 |
0 |
|a Borrowing Agreement with the Government of Canada.
|
| 264 |
|
1 |
|a Washington, D.C. :
|b International Monetary Fund,
|c 2009.
|
| 300 |
|
|
|a 1 online resource (13 pages)
|
| 490 |
1 |
|
|a Policy Papers
|
| 500 |
|
|
|a <strong>Off-Campus Access:</strong> No User ID or Password Required
|
| 500 |
|
|
|a <strong>On-Campus Access:</strong> No User ID or Password Required
|
| 506 |
|
|
|a Electronic access restricted to authorized BRAC University faculty, staff and students
|
| 520 |
3 |
|
|a This paper presents for the approval of the Executive Board a draft borrowing agreement between the Government of Canada and the Fund. The Government of Canada announced its willingness to lend up to USD 10 billion to the Fund to support the Fund's ability to provide timely and effective balance of payments assistance to its members in the context of the summit of the Leaders of the Group of Twenty (G-20) in early April. Staff and the Canadian authorities have now reached agreement on a draft borrowing agreement, the text of which is set forth in the Attachment (the 'Agreement'). The Agreement would make an important contribution to the multilateral effort to ensure the adequacy of the Fund's financial resources, adding to the resources already available to the Fund from the borrowing agreements with Japan and Norges Bank that were approved by the Board recently. It is also expected that borrowing agreements with other members will be proposed for Board approval soon.
|
| 538 |
|
|
|a Mode of access: Internet
|
| 650 |
|
7 |
|a Agreement
|2 imf
|
| 650 |
|
7 |
|a Borrowing Agreement
|2 imf
|
| 650 |
|
7 |
|a Fund
|2 imf
|
| 650 |
|
7 |
|a Japan Agreement
|2 imf
|
| 650 |
|
7 |
|a PP
|2 imf
|
| 651 |
|
7 |
|a Canada
|2 imf
|
| 830 |
|
0 |
|a Policy Papers; Policy Paper ;
|v No. 2009/078
|
| 856 |
4 |
0 |
|z Full text available on IMF
|u http://elibrary.imf.org/view/journals/007/2009/078/007.2009.issue-078-en.xml
|z IMF e-Library
|